[Event "GRE-ch Online Rapid (Women) 1st"]
[Site "Tornelo INT"]
[Date "2021.02.06"]
[Round "7"]
[White "Kollia, Evgenia"]
[Black "Pletsia, Konstantina"]
[Result "0-1"]
[WhiteElo "1091"]
[BlackElo "1062"]
[PlyCount "108"]
[EventDate "2021.02.06"]
[EventType "swiss (rapid)"]
[EventRounds "8"]
[EventCountry "GRE"]
[SourceTitle "EXT 2023"]
[Source "ChessBase"]
[SourceDate "2022.10.05"]
[SourceVersion "1"]
[SourceVersionDate "2022.10.05"]
[SourceQuality "1"]

1. e4 c6 2. d4 d5 3. exd5 cxd5 4. Nc3 Nc6 5. Nf3 Nf6 6. Bb5 Bg4 7. h3 Bxf3 8. Qxf3 e6 9. Bg5 Be7 10. 0-0 0-0 11. Rad1 Qb6 12. Qe3 a6 13. Bxc6 bxc6 14. b3 Rac8 15. Rfe1 Rfe8 16. a4 c5 17. dxc5 Bxc5 18. Qg3 Bxf2+ 19. Qxf2 Qxf2+ 20. Kxf2 Rxc3 21. Rc1 Ne4+ 22. Ke2 Nxg5 23. Kd2 Rec8 24. Re3 Ne4+ 25. Ke2 Rxc2+ 26. Rxc2 Rxc2+ 27. Kd1 Rc3 28. Rxc3 Nxc3+ 29. Kc2 Nxa4 30. bxa4 a5 31. Kc3 e5 32. Kd3 Kf8 33. Ke3 Ke7 34. Kd3 Ke6 35. Ke3 Kd6 36. Kd3 Kc5 37. g4 f6 38. h4 Kb4 39. g5 Kxa4 40. gxf6 gxf6 41. Ke3 Kb3 42. Kd3 a4 43. h5 a3 44. h6 a2 45. Ke3 a1Q 46. Kd2 Qd4+ 47. Ke2 Qg4+ 48. Kf2 Qh3 49. Ke2 Kc4 50. Kf2 Kd4 51. Ke2 Qe3+ 52. Kf1 Qd2 53. Kg1 Ke3 54. Kh1 Kf3 0-1

[Event "GRE-ch South U14 Girls"]
[Site "Athens"]
[Date "2020.08.29"]
[Round "2"]
[White "Athanasiou, Soumela"]
[Black "Pletsia, Konstantina"]
[Result "1-0"]
[WhiteElo "1301"]
[BlackElo "1138"]
[PlyCount "125"]
[EventDate "2020.08.28"]
[EventType "swiss"]
[EventRounds "7"]
[EventCountry "GRE"]
[SourceTitle "EXT 2023"]
[Source "ChessBase"]
[SourceDate "2022.10.05"]
[SourceVersion "1"]
[SourceVersionDate "2022.10.05"]
[SourceQuality "1"]

1. c4 c5 2. Nc3 Nc6 3. g3 g6 4. Bg2 Bg7 5. Nf3 Nf6 6. 0-0 0-0 7. d3 d6 8. Bd2 Bg4 9. Qc1 Re8 10. Bh6 Bh8 11. h3 Bd7 12. Rb1 a5 13. a3 Qc8 14. Kh2 Rb8 15. Qc2 Na7 16. b4 axb4 17. axb4 cxb4 18. Rxb4 Qc5 19. Rb2 Qh5 20. Bd2 b6 21. Rfb1 Nc8 22. Rb4 Qc5 23. Be3 Qc7 24. Nd4 e6 25. Qb3 e5 26. Ndb5 Bxb5 27. Rxb5 Nd7 28. Nd5 Qd8 29. Nxb6 Ncxb6 30. Bxb6 Nxb6 31. Rxb6 Rxb6 32. Qxb6 Bg7 33. Qxd8 Rxd8 34. Bd5 Rd7 35. Kg2 Bh6 36. Kf3 Bd2 37. Ke4 Bc3 38. Bc6 Rd8 39. Rb7 Bd4 40. Bd5 Rf8 41. f4 Bc3 42. Rb3 Bd4 43. e3 Ba1 44. Ra3 Bb2 45. Ra6 Rd8 46. Ra7 Rf8 47. Rd7 exf4 48. gxf4 Ba3 49. d4 Re8+ 50. Kd3 Rf8 51. e4 Bb4 52. e5 dxe5 53. dxe5 Bc5 54. Ke4 Bb6 55. f5 gxf5+ 56. Kxf5 Bc5 57. Kf6 Bf2 58. Bxf7+ Kh8 59. e6 Bh4+ 60. Ke5 Rd8 61. Rxd8+ Bxd8 62. Kd6 Kg7 63. e7 1-0

[Event "GRE-ch U10 Girls"]
[Site "Achaia"]
[Date "2017.06.30"]
[Round "7"]
[White "Pletsia, Konstantina"]
[Black "Papadopoulou, Marilena"]
[Result "0-1"]
[WhiteElo "1081"]
[BlackElo "1213"]
[PlyCount "48"]
[EventDate "2017.06.26"]
[EventType "swiss"]
[EventRounds "9"]
[EventCountry "GRE"]
[SourceTitle "EXT 2018"]
[Source "ChessBase"]
[SourceDate "2017.10.13"]
[SourceVersion "1"]
[SourceVersionDate "2017.10.13"]
[SourceQuality "1"]

1. d4 Nf6 2. Bg5 b6 3. Bxf6 exf6 4. e3 Bb7 5. c3 c5 6. Nd2 cxd4 7. exd4 Nc6 8. f3 d5 9. Bd3 Bd6 10. Qc2 h6 11. 0-0-0 Qe7 12. Nh3 0-0 13. Rde1 Qd7 14. Nf2 Bf4 15. g3 Nxd4 16. Qd1 Bxd2+ 17. Kxd2 Ne6 18. h4 Rad8 19. Kc1 d4 20. c4 Qd6 21. g4 Qf4+ 22. Kb1 Bxf3 23. Be2 Bxh1 24. Nxh1 Nc5 0-1